| 000 | 01070nam a2200301 a 4500 | ||
|---|---|---|---|
| 003 | MX-MxUPN | ||
| 005 | 20230308063639.0 | ||
| 008 | 230220s2022 sp |||||rb||| 001 0 spa d | ||
| 020 | _a9788417971496 | ||
| 040 |
_aMX-MxUPN _bspa _cMX-MxUPN |
||
| 041 | 1 |
_aspa _heng |
|
| 050 | 1 | 4 |
_aQP360 _bR56 2022 |
| 100 | 1 |
_aRippon, Gina _948101 |
|
| 245 | 1 | 3 |
_aEl género y nuestros cerebros : _bla nueva neurociencia que rompe el mito del cerebro femenino |
| 250 | _aSegunda edición. | ||
| 260 |
_aBarcelona : _bGalaxia Gutenberg, _c2022 |
||
| 300 | _a496 páginas | ||
| 490 | 0 | _aSerie Ensayo | |
| 504 | _aIncluye referencias bibliográficas e índice. | ||
| 500 | _aTraducción de: The gendered brain. The new neuroscience that shatters the myth of the female brain. | ||
| 650 | 4 |
_aNeuropsicología _910531 |
|
| 650 | 4 |
_aCerebro _xFisiología _911155 |
|
| 650 | 4 |
_aDiferencias sexuales (Psicología) _912814 |
|
| 650 | 4 |
_aEstereotipos (Psicología social) _912812 |
|
| 902 |
_aMarisolLicea/200223 _bVíctor Ruiz/070323 |
||
| 942 |
_2lcc _cLIBRO |
||
| 999 |
_c209178 _d209178 |
||